| 000 | 00532nam a22001937a 4500 | ||
|---|---|---|---|
| 999 |
_c167455 _d167455 |
||
| 005 | 20190904114842.0 | ||
| 010 | _aENG-126406 | ||
| 020 |
_c175.00 _a978-93-80005-26-3 |
||
| 035 | _aEN-109938 | ||
| 037 | _bDBAD/PUB | ||
| 082 | _aN | ||
| 100 | _aAusten,Jane | ||
| 245 |
_aEmma / _cby Jane Austen |
||
| 260 |
_aNoida _bMaple Press Private Limited _c2018 |
||
| 270 |
_bNoida _aA -63, Sector 58 _e201301 _k911204553581 _minfo@maplepress.co.in |
||
| 300 |
_a386p. _c22cm(pbk) |
||
| 650 | _aEnglish Novel | ||
| 942 |
_2ddc _cEN _hN _mAUS |
||